[Event "European Youth Chess Championship G16"]
[Site "Prague, Top Hotel Prague"]
[Date "2016.08.20"]
[Round "3.14"]
[White "Ayazmali, Gizem"]
[Black "Milovanova, Maria"]
[Result "1-0"]
[WhiteElo "1816"]
[BlackElo "2138"]
[PlyCount "101"]
[EventDate "2016.08.18"]

1. e4 c5 2. Nf3 Nc6 3. Nc3 g6 4. d4 cxd4 5. Nxd4 Bg7 6. Be3 Nf6 7. Bc4 O-O 8.
Bb3 d6 9. h3 Bd7 10. O-O Na5 11. Qd2 Nxb3 12. axb3 a6 13. Bh6 Bxh6 14. Qxh6 e5
15. Nf3 Bb5 16. Rfd1 Qe7 17. Ng5 Bc6 18. Rd3 Rfd8 19. Rf3 Rd7 20. Rd1 Rad8 21.
Nd5 Bxd5 22. exd5 e4 23. Rf4 Qe5 24. Rh4 Qxb2 25. Nxh7 Nxh7 26. Qxh7+ Kf8 27.
Rxe4 f5 28. Qh6+ Qg7 29. Qf4 Rf7 30. Re6 g5 31. Qb4 Rfd7 32. Rde1 Kg8 33. Qd2
Rf8 34. Qe2 Qh7 35. Re8 Qf7 36. Re6 Qh7 37. Qe3 Qg7 38. Re8 Rxe8 39. Qxe8+ Kh7
40. Re6 Rf7 41. Rxd6 g4 42. hxg4 fxg4 43. Qe4+ Kh8 44. Rd8+ Rf8 45. Rxf8+ Qxf8
46. Qxg4 Qe7 47. Qe6 Qg5 48. Qc8+ Kg7 49. Qxb7+ Kh8 50. Qb8+ Kh7 51. Qh2+ 1-0

[Event "European Youth Chess Championship G16"]
[Site "Prague, Top Hotel Prague"]
[Date "2016.08.20"]
[Round "3.15"]
[White "Ambrozova, Lucie"]
[Black "Sliwicka, Alicja"]
[Result "1-0"]
[WhiteElo "1862"]
[BlackElo "2138"]
[PlyCount "77"]
[EventDate "2016.08.18"]

1. e4 c5 2. Nf3 d6 3. d4 cxd4 4. Nxd4 Nf6 5. Nc3 Nc6 6. Bg5 e6 7. Qd2 a6 8.
O-O-O Qb6 9. f4 Qxd4 10. Qxd4 Nxd4 11. Rxd4 Bd7 12. e5 Ng4 13. exd6 Ne3 14. Bd3
f6 15. Bh4 Nxg2 16. Bf2 g6 17. Rg1 Bc6 18. Be4 Bxe4 19. Rxe4 Nxf4 20. Rxf4 Bh6
21. Be3 Bxf4 22. Bxf4 Rd8 23. Ne4 Rf8 24. Rd1 g5 25. Be3 f5 26. Nc5 f4 27. Bf2
Kf7 28. Ne4 Kg6 29. Bb6 Kf5 30. Nc5 Rc8 31. d7 Rc6 32. Na4 Rxb6 33. Nxb6 Rd8
34. Na4 b6 35. Nxb6 Kg4 36. c4 f3 37. c5 f2 38. c6 Rf8 39. Rf1 1-0

[Event "European Youth Chess Championship G16"]
[Site "Prague, Top Hotel Prague"]
[Date "2016.08.20"]
[Round "3.16"]
[White "Yurovskikh, Yasmin"]
[Black "Shpanko, Nadiia"]
[Result "0-1"]
[WhiteElo "1842"]
[BlackElo "2102"]
[PlyCount "40"]
[EventDate "2016.08.18"]

1. e4 e6 2. d4 d5 3. Nc3 Nf6 4. Bd3 c5 5. Nf3 Nc6 6. exd5 exd5 7. dxc5 Bxc5 8.
O-O O-O 9. Bg5 h6 10. Bh4 g5 11. Bg3 Bg4 12. Be2 Re8 13. Nd2 d4 14. Bxg4 dxc3
15. Nb3 cxb2 16. Rb1 Ba3 17. Qf3 a5 18. Rbd1 Qe7 19. h4 Rad8 20. Kh2 a4 0-1

[Event "European Youth Chess Championship G16"]
[Site "Prague, Top Hotel Prague"]
[Date "2016.08.20"]
[Round "3.17"]
[White "Ayan, Bengu Sena"]
[Black "Redondo, Benavente Ana"]
[Result "0-1"]
[WhiteElo "1835"]
[BlackElo "2088"]
[PlyCount "66"]
[EventDate "2016.08.18"]

1. d4 d6 2. c4 e5 3. d5 f5 4. Nc3 Nf6 5. Qc2 Be7 6. f3 O-O 7. Be3 c6 8. Bf2 Na6
9. e3 cxd5 10. cxd5 Qa5 11. Qd2 Bd7 12. Bxa6 bxa6 13. Nge2 Kh8 14. O-O Bb5 15.
Rfd1 Rfc8 16. Ng3 Bd7 17. Qd3 g6 18. a3 Bb5 19. Nxb5 Qxb5 20. Qd2 Qb3 21. Qb4
Rab8 22. Qxb3 Rxb3 23. Rd2 e4 24. fxe4 fxe4 25. Rd4 Rxb2 26. Nxe4 Rcc2 27. Rf1
Ng4 28. Nd2 Nxf2 29. Rxf2 Bg5 30. Re4 Rxd2 31. Re8+ Kg7 32. Rxd2 Rxd2 33. Ra8
Bxe3+ 0-1

[Event "European Youth Chess Championship G16"]
[Site "Prague, Top Hotel Prague"]
[Date "2016.08.20"]
[Round "3.18"]
[White "Henderson, de La Fuente Andrea"]
[Black "Scarpa, Silvia"]
[Result "1/2-1/2"]
[WhiteElo "2027"]
[BlackElo "1848"]
[PlyCount "88"]
[EventDate "2016.08.18"]

1. e4 c5 2. Nc3 Nc6 3. g3 g6 4. Bg2 Bg7 5. d3 e6 6. Be3 d6 7. Qd2 Rb8 8. Nge2
Nge7 9. Bh6 O-O 10. h4 f6 11. Bxg7 Kxg7 12. f4 h6 13. h5 g5 14. e5 dxe5 15.
fxg5 hxg5 16. Ne4 Kh6 17. Nxc5 Qa5 18. Qxa5 Nxa5 19. Ne4 Nf5 20. Kd2 Nd4 21.
Nxd4 exd4 22. Nd6 Nc6 23. Rae1 e5 24. Be4 Ne7 25. Nxc8 Nxc8 26. g4 Nd6 27. Bd5
Ne8 $11 28. Rhf1 Nc7 29. Bb3 Rbe8 30. Re4 Ne6 31. Bxe6 Rxe6 32. Rfe1 Rb6 33. b3
Rc8 34. Rf1 Rc3 35. Rf2 Ra6 $11 36. a4 Rac6 37. Kd1 a5 38. Ree2 Rd6 39. Kc1
Rdc6 40. Kb2 Rb6 41. Rf1 Ra6 42. Ref2 Rcc6 43. Ka3 Rab6 44. Rb1 Rc3 $11 1/2-1/2

[Event "European Youth Chess Championship G16"]
[Site "Prague, Top Hotel Prague"]
[Date "2016.08.20"]
[Round "3.19"]
[White "Hrescak, Ivana"]
[Black "Vlkova, Anezka"]
[Result "1-0"]
[WhiteElo "2007"]
[BlackElo "1823"]
[PlyCount "83"]
[EventDate "2016.08.18"]

1. d4 d5 2. c4 e6 3. Nc3 Nf6 4. cxd5 exd5 5. Bg5 Be7 6. e3 Nbd7 7. Qc2 c6 8.
Bd3 Nf8 9. Nge2 g6 10. h4 Ne6 11. Rd1 O-O 12. Qc1 Ng7 13. f3 Bf5 14. O-O Bxd3
15. Rxd3 Re8 16. Kh1 Rc8 17. Qd1 Qc7 18. Bxf6 Bxf6 19. e4 Rcd8 20. Qd2 Ne6 21.
e5 Bg7 22. f4 f6 23. Ng1 Rf8 24. Rdf3 Bh6 25. exf6 Rxf6 26. g3 Rdf8 27. R3f2
Qb6 28. Nf3 Rf5 29. Qe3 c5 30. dxc5 Nxc5 31. Nd4 R5f7 32. Rd1 Qd8 33. Nf3 b6
34. Rxd5 Qa8 35. Kg1 Re8 36. Re5 Rxe5 37. Nxe5 Re7 38. Qd4 Bg7 39. Qc4+ Kf8 40.
Nd5 Rb7 41. b4 Nd7 42. Nc7 1-0

[Event "European Youth Chess Championship G16"]
[Site "Prague, Top Hotel Prague"]
[Date "2016.08.20"]
[Round "3.20"]
[White "Panainte, Andreea-Bianca"]
[Black "Nazarova, Anastasia"]
[Result "1-0"]
[WhiteElo "1799"]
[BlackElo "2006"]
[PlyCount "211"]
[EventDate "2016.08.18"]

1. e4 c5 2. c4 Nc6 3. Nc3 g6 4. g3 Bg7 5. Bg2 d6 6. Nge2 e6 7. O-O Nge7 8. d3
O-O 9. Be3 Nd4 10. Rb1 Nec6 11. a3 Qa5 12. f4 Rb8 13. Bd2 a6 14. Kh1 Qc7 15. b4
b6 16. g4 f5 17. exf5 exf5 18. Nd5 Qd8 19. g5 Nxe2 20. Qxe2 Nd4 21. Qe7 Qxe7
22. Nxe7+ Kf7 23. Nxc8 Rfxc8 24. Rfe1 Re8 25. Bd5+ Kf8 26. bxc5 Rxe1+ 27. Bxe1
dxc5 28. a4 Ke7 29. Ba5 b5 30. axb5 axb5 31. cxb5 Rxb5 32. Rxb5 Nxb5 33. Bc4
Nd6 34. Bd5 Bd4 35. Kg2 Ne8 36. Kf3 Ng7 37. Bd2 Ne6 38. Bc4 Kd6 39. Bc1 Bg7 40.
Be3 Nf8 41. Kf2 Bc3 42. Ke2 Bg7 43. Kf3 h6 44. h4 h5 45. Bf7 Bb2 46. Ke2 Bc3
47. Bf2 Ba1 48. Be3 Bb2 49. Kf3 Bc3 50. Ke2 Ke7 51. Bc4 Nd7 52. Bb5 Bb4 53. Bc4
Nb6 54. Bb3 Nc8 55. Bc4 Nd6 56. Ba2 Nb5 57. Bc4 Nc3+ 58. Kf1 Nd1 59. Bc1 Nc3
60. Kf2 Na4 61. Kf1 Nb6 62. Bb3 $11 Nd7 63. Ke2 Nb8 64. Bd5 Na6 65. Bc4 Nc7 66.
Bb2 Ne8 67. Be5 Ba5 68. Bb2 Bc7 69. Kf3 Bd6 70. Bc3 Nc7 71. Bf6+ Kf8 72. Bc3
Ne8 73. Bb2 Be7 74. Be5 Bd6 75. Bb2 Nc7 76. Bf6 Na8 77. Bd5 Nb6 78. Bb3 Nd7 79.
Bc3 Nb8 80. Bc4 Nc6 81. Bf6 Bc7 82. Bb5 Nb4 83. Bc4 Nc2 84. Bc3 Bb6 85. Bb3 Nb4
86. Bc4 Ba5 87. Be5 Bb6 88. Bd6+ Kg7 89. d4 Nc6 90. dxc5 Ba5 91. Bd5 Nb4 92.
Bb7 Kf7 93. Ke3 Ke6 94. Kd4 Kd7 95. Ke5 Bd8 96. Bf3 Nd3+ 97. Kd5 Nb4+ 98. Kc4
Nc6 99. Bd5 Ne7 100. Bf7 Bc7 101. Bxc7 Kxc7 102. Kd4 Nc6+ 103. Kd5 Kd7 104.
Be8+ Kxe8 105. Kxc6 Ke7 106. Kb7 1-0

[Event "European Youth Chess Championship G16"]
[Site "Prague, Top Hotel Prague"]
[Date "2016.08.20"]
[Round "3.21"]
[White "Egyed, Judit"]
[Black "Nass, Sara"]
[Result "1-0"]
[WhiteElo "1979"]
[BlackElo "1814"]
[PlyCount "63"]
[EventDate "2016.08.18"]

1. e4 c5 2. Nf3 Nc6 3. d4 cxd4 4. Nxd4 Nf6 5. Nc3 e5 6. Ndb5 d6 7. Bg5 a6 8.
Na3 b5 9. Nd5 Be7 10. Bxf6 Bxf6 11. c4 b4 12. Nc2 a5 13. g3 O-O 14. Bg2 Ba6 15.
b3 Rb8 16. O-O Bb7 17. Qd3 Na7 18. Nce3 Bxd5 19. Qxd5 g6 20. Rad1 Be7 21. Kh1
Qc7 22. Qd3 Rbd8 23. f4 Nc6 24. f5 Rfe8 25. Nd5 Qa7 26. Qd2 Nd4 27. Qh6 Rc8 28.
g4 Rc5 29. Rd3 Rxd5 30. Rh3 Bd8 31. Qxh7+ Kf8 32. fxg6 1-0

[Event "European Youth Chess Championship G16"]
[Site "Prague, Top Hotel Prague"]
[Date "2016.08.20"]
[Round "3.22"]
[White "Manova, Ivana"]
[Black "Leser, Katrin"]
[Result "0-1"]
[WhiteElo "1792"]
[BlackElo "1979"]
[PlyCount "86"]
[EventDate "2016.08.18"]

1. e4 e5 2. Nf3 Nc6 3. d4 exd4 4. Bc4 Nf6 5. e5 d5 6. Bb5 Ne4 7. Nxd4 Bd7 8.
Bxc6 bxc6 9. O-O Bc5 10. Be3 Bb6 11. f3 Ng5 12. f4 Ne4 13. Nc3 Nxc3 14. bxc3 c5
15. Nb3 c4 16. Nc5 Bf5 17. g4 Be4 18. Qe2 Bxc5 19. Bxc5 Qh4 20. f5 h5 21. Rf4
Qh3 22. Rxe4 dxe4 23. Qxc4 Qxg4+ 24. Kh1 Qf3+ 25. Kg1 Qxf5 26. Rf1 Qd7 27. Qxe4
Qg4+ 28. Qxg4 hxg4 29. Rf4 Rh3 30. Rxg4 Rxc3 31. Rxg7 Rd8 32. Rg8+ Kd7 33.
Rxd8+ Kxd8 34. Bxa7 Rxc2 35. a3 Rc3 36. Bd4 Rxa3 37. Kf2 Kd7 38. Kg2 Ke6 39. h4
Kd5 40. Bf2 Kxe5 41. Bg3+ Rxg3+ 42. Kxg3 Kf5 43. Kh3 Kf4 0-1

[Event "European Youth Chess Championship G16"]
[Site "Prague, Top Hotel Prague"]
[Date "2016.08.20"]
[Round "3.23"]
[White "Grigoryan, Arpine"]
[Black "Jorge, Rita Maria Osorio"]
[Result "1-0"]
[WhiteElo "1964"]
[BlackElo "1794"]
[PlyCount "59"]
[EventDate "2016.08.18"]

1. e4 c5 2. Nf3 d6 3. d4 cxd4 4. Nxd4 Nf6 5. f3 g6 6. c4 Bg7 7. Be3 O-O 8. Qd2
Nc6 9. Nc3 Nxd4 10. Bxd4 Be6 11. Be2 Qa5 12. O-O Rfc8 13. b3 a6 14. Rfd1 Nd7
15. Bxg7 Kxg7 16. Rac1 Rab8 17. f4 f5 18. Bf3 Nf6 19. exf5 Bxf5 20. Qe2 e5 21.
g4 Be6 22. Kh1 Qc5 23. g5 Nd7 24. Ne4 Qa5 25. Rxd6 Bf5 26. Nf6 Qc7 27. Rcd1 Rd8
28. Nxd7 Bxd7 29. Qxe5+ Kg8 30. Bd5+ 1-0

[Event "European Youth Chess Championship G16"]
[Site "Prague, Top Hotel Prague"]
[Date "2016.08.20"]
[Round "3.24"]
[White "Silva, Ana Ines Teixeira Da"]
[Black "Khristenko, Anna"]
[Result "1/2-1/2"]
[WhiteElo "1781"]
[BlackElo "1957"]
[PlyCount "58"]
[EventDate "2016.08.18"]

1. e4 c5 2. Nc3 e6 3. g3 d5 4. exd5 exd5 5. d3 Nf6 6. Bg2 d4 7. Qe2+ Be7 8. Ne4
O-O 9. Nh3 Nc6 10. O-O Nxe4 11. dxe4 Re8 12. Nf4 Bf8 13. Re1 Ne5 14. Nd5 Bg4
15. f3 Be6 16. Bd2 c4 17. f4 d3 18. Qf1 Ng4 19. h3 Bc5+ 20. Kh1 Bxd5 21. exd5
Nf2+ 22. Kh2 Qb6 23. Bc3 Qh6 24. Rxe8+ Rxe8 25. Re1 Rc8 26. Bd2 Ng4+ 27. Kh1
Nf2+ 28. Kh2 Ng4+ 29. Kh1 Nf2+ 1/2-1/2

[Event "European Youth Chess Championship G16"]
[Site "Prague, Top Hotel Prague"]
[Date "2016.08.20"]
[Round "3.25"]
[White "Vrtiakova, Anna"]
[Black "Nemcova, Kamila"]
[Result "0-1"]
[WhiteElo "1952"]
[BlackElo "1774"]
[PlyCount "166"]
[EventDate "2016.08.18"]

1. e4 c5 2. Nf3 d6 3. d4 cxd4 4. Nxd4 Nf6 5. Nc3 a6 6. Be3 e5 7. Nb3 Be6 8. f4
exf4 9. Bxf4 Nc6 10. Qe2 Be7 11. h3 Ne5 12. O-O-O Qc7 13. Kb1 O-O-O 14. g4 h6
15. Nd4 Bc4 16. Qf2 Rhe8 17. Bg2 Bf8 18. Rhe1 Qa5 19. Be3 Ned7 20. Nb3 Qc7 21.
Bd4 Kb8 22. Na4 Bb5 23. Nb6 Bc6 24. Nxd7+ Rxd7 25. Bxf6 gxf6 26. Qxf6 Re6 27.
Qf4 Bg7 28. Qd2 Rde7 29. Nd4 Bxd4 30. Qxd4 d5 31. Qh8+ Re8 32. Qd4 dxe4 33. Re3
Qe5 34. Qd2 f5 35. gxf5 Qxf5 36. Rf1 Qg5 37. Qf2 R6e7 38. h4 Qg6 39. Bh3 Bd5
40. Bf5 Qc6 41. b3 Rf7 42. Qg3+ Qc7 43. Qxc7+ Kxc7 44. c4 $11 Bc6 45. Bh3 Rxf1+
46. Bxf1 Kd6 47. Rg3 e3 48. Be2 Kc5 49. Kb2 Kd4 50. Rg1 Be4 51. Rd1+ Ke5 52.
Kc3 Rf8 53. b4 Rf4 54. Re1 Rxh4 55. Bd3 Bxd3 56. Kxd3 Rd4+ 57. Kc3 Ke4 58. Rh1
Rd3+ 59. Kc2 Rd6 60. c5 Rg6 61. Rh4+ Kf3 62. Rh3+ Kf2 63. Kd3 Re6 64. Rh2+ Kf3
65. Rh3+ Kf2 66. Rh2+ Kg3 67. Re2 h5 68. a4 h4 69. b5 axb5 70. axb5 h3 71. c6
bxc6 72. b6 h2 73. b7 Rd6+ 74. Kc3 Rd8 75. Rxe3+ Kf2 76. Rd3 Rb8 77. Rd2+ Kg3
78. Rd3+ Kg4 79. Rd4+ Kg5 80. Rd1 Rxb7 81. Rh1 Rh7 82. Kd3 Kg4 83. Ke2 Kg3 0-1

[Event "European Youth Chess Championship G16"]
[Site "Prague, Top Hotel Prague"]
[Date "2016.08.20"]
[Round "3.26"]
[White "Karykowska, Anna"]
[Black "Nilssen, Ellen Fredericia"]
[Result "1/2-1/2"]
[WhiteElo "1772"]
[BlackElo "1947"]
[PlyCount "93"]
[EventDate "2016.08.18"]

1. e4 e6 2. Nf3 d5 3. Nc3 Nf6 4. e5 Nfd7 5. d4 c5 6. dxc5 Nc6 7. Bf4 Bxc5 8.
Bd3 a6 9. Qe2 Qc7 10. O-O Be7 11. Rfe1 b5 12. Qd2 Qa5 13. a4 b4 14. Ne2 Nc5 15.
Ned4 Nxd4 16. Nxd4 Bd7 17. Bg5 Bf8 18. Nb3 Nxb3 19. cxb3 h6 20. Bh4 Bc5 21.
Rac1 Be7 22. Bxe7 Kxe7 23. Qe2 Rhc8 24. Rxc8 Bxc8 25. Rc1 Bb7 26. Qe3 Kf8 27.
Rc5 Qd8 28. Qd4 a5 29. h3 Rc8 30. Rxc8 Qxc8 31. Qb6 Qa8 32. f3 g6 33. Qd6+ Kg7
34. Qe7 Qa7+ 35. Kh2 Qd4 36. Qf6+ Kg8 37. Bxg6 fxg6 38. Qxg6+ Kf8 39. Qf6+ Ke8
40. Qxe6+ Kd8 41. Qd6+ Kc8 42. e6 Qf6 43. Qd7+ Kb8 44. e7 Qe5+ 45. Kh1 Qe1+ 46.
Kh2 Qe5+ 47. Kh1 $11 1/2-1/2

[Event "European Youth Chess Championship G16"]
[Site "Prague, Top Hotel Prague"]
[Date "2016.08.20"]
[Round "3.28"]
[White "Espinosa, Cancino Monica"]
[Black "Mirza, Diana"]
[Result "0-1"]
[WhiteElo "1682"]
[BlackElo "1925"]
[PlyCount "126"]
[EventDate "2016.08.18"]

1. d4 f5 2. Bg5 h6 3. Bh4 g5 4. e3 Nf6 5. Bg3 Bg7 6. h4 g4 7. h5 d6 8. Nc3 Be6
9. Bd3 Qc8 10. Nge2 Bf7 11. Nf4 O-O 12. Qe2 e6 13. O-O-O Nc6 14. a3 a6 15. f3
b5 16. Bf2 e5 17. Ng6 Re8 18. Qf1 exd4 19. exd4 g3 20. Bxg3 Nxh5 21. Rxh5 Bxg6
22. Rh4 Nxd4 23. Bf4 Qe6 24. Qh1 h5 25. Bd2 c5 26. Re1 Qf7 27. Qh2 Be5 28. f4
Bf6 29. Rh3 Rxe1+ 30. Bxe1 Re8 31. Bd2 c4 32. Bf1 Kg7 33. Qg3 h4 34. Qf2 a5 35.
Ne2 Nxe2+ 36. Bxe2 Bh5 37. Bf3 Bg4 38. Rh1 Qc7 39. Kb1 Bxf3 40. Qxf3 Qe7 41.
Re1 Qf7 42. Rxe8 Qxe8 43. Qb7+ Kg6 44. Bxa5 Qe4 45. Qxb5 Qxg2 46. Qe8+ Kh6 47.
Bd8 Qg6 48. Qf8+ Bg7 49. Qe7 h3 50. Qh4+ Qh5 51. Bg5+ Kg6 52. Qg3 Qg4 53. Bh4
Qxg3 54. Bxg3 Kh5 55. c3 Kg4 56. Bh2 Kf3 57. a4 d5 58. a5 Bf8 59. Bg1 Bc5 60.
Bxc5 h2 61. a6 h1=Q+ 62. Ka2 Qh8 63. a7 Qa8 0-1

[Event "European Youth Chess Championship G16"]
[Site "Prague, Top Hotel Prague"]
[Date "2016.08.20"]
[Round "3.30"]
[White "Condes, Alexie Sheen"]
[Black "Imperor, Amelie"]
[Result "0-1"]
[WhiteElo "1469"]
[BlackElo "1874"]
[PlyCount "168"]
[EventDate "2016.08.18"]

1. e4 c5 2. Nf3 e6 3. c3 Nf6 4. e5 Nd5 5. d4 cxd4 6. Nxd4 Qc7 7. f4 a6 8. Na3
Bxa3 9. c4 Bb4+ 10. Kf2 Ne7 11. a3 Bc5 12. b4 Bxd4+ 13. Qxd4 Nf5 14. Qe4 O-O
15. g4 Ne7 16. Bd3 g6 17. Bb2 b5 18. Qd4 Nbc6 19. Qc5 bxc4 20. Bxc4 f5 21. g5
Bb7 22. h4 Rac8 23. Rh2 Rf7 24. Rd1 Na5 25. Qxc7 Rxc7 26. bxa5 Rxc4 27. Kg3 Nd5
28. Rd4 Ne3 29. Re2 Rc2 30. Rxc2 Nxc2 31. Rc4 Be4 32. Kf2 Rf8 33. Rc7 Rb8 34.
Bc3 Rb3 35. Bb4 Nxb4 36. axb4 Bc6 37. Rc8+ Kg7 38. Rb8 Bb5 39. Re8 Rxb4 40.
Re7+ Kf8 41. Rxh7 Rxf4+ 42. Kg3 Rg4+ 43. Kh2 Kg8 44. Re7 Rxh4+ 45. Kg3 Rg4+ 46.
Kh3 Rxg5 47. Re8+ Kh7 48. Re7+ Kh6 49. Kh4 Rh5+ 50. Kg3 Kg5 51. Re8 f4+ 52. Kf3
Bc6+ 53. Kf2 Kg4 54. Rg8 g5 55. Rb8 Rh2+ 56. Kg1 Kg3 57. Rb3+ Bf3 58. Rxf3+
Kxf3 59. Kxh2 Ke2 60. Kg1 f3 61. Kh2 f2 62. Kh1 f1=R+ 63. Kh2 Rf5 64. Kh3 Rxe5
65. Kh2 Rxa5 66. Kh3 d5 67. Kg3 Ke3 68. Kg4 d4 69. Kg3 d3 70. Kg2 Ke2 71. Kg3
d2 72. Kg2 d1=R 73. Kg3 Rf5 74. Kg2 a5 75. Kg3 a4 76. Kg2 a3 77. Kg3 a2 78. Kg4
a1=R 79. Kg3 Rd4 80. Kg2 Kd3 81. Kg3 Kc4 82. Kh3 Ra3+ 83. Kg2 Rd2+ 84. Kg1 Ra1#
0-1

[Event "European Youth Chess Championship G16"]
[Site "Prague, Top Hotel Prague"]
[Date "2016.08.20"]
[Round "3.31"]
[White "Golub, Nikolina"]
[Black "Novotna, Tereza"]
[Result "1-0"]
[WhiteElo "1870"]
[BlackElo "1566"]
[PlyCount "81"]
[EventDate "2016.08.18"]

1. d4 Nf6 2. c4 g6 3. Nc3 Bg7 4. e4 d6 5. Nf3 O-O 6. Be2 e5 7. O-O Nc6 8. d5
Ne7 9. b4 Ne8 10. c5 f5 11. Ng5 h6 12. Ne6 Bxe6 13. dxe6 fxe4 14. Bc4 Kh7 15.
Qb3 Nf5 16. Be3 Qh4 17. g3 Qh3 18. Nxe4 Nf6 19. Nxf6+ Rxf6 20. Bd5 c6 21. Bg2
Qh5 22. cxd6 Nxd6 23. Bc5 Nf5 24. Rad1 Nd4 25. Bxd4 exd4 26. f4 Qf5 27. Rfe1
Re8 28. Re5 Qxe5 29. fxe5 Rfxe6 30. Rxd4 Rxe5 31. Rd1 Re2 32. Rd7 Rf8 33. Qc3
Rg8 34. Rxb7 Kh8 35. Qd3 Rxa2 36. Bxc6 Rf8 37. Qd7 Rf7 38. Qxf7 Bd4+ 39. Kf1
Rf2+ 40. Qxf2 Bxf2 41. Kxf2 1-0

[Event "European Youth Chess Championship G16"]
[Site "Prague, Top Hotel Prague"]
[Date "2016.08.20"]
[Round "3.32"]
[White "Manitcaia, Alina"]
[Black "Cieslak, Wiktoria"]
[Result "0-1"]
[WhiteElo "1496"]
[BlackElo "1865"]
[PlyCount "90"]
[EventDate "2016.08.18"]

1. d4 Nf6 2. c4 e6 3. Nf3 b6 4. g3 Bb7 5. Bg2 Bb4+ 6. Nc3 O-O 7. O-O Bxc3 8.
bxc3 d6 9. Re1 Qe7 10. Bf4 Nbd7 11. Qc2 c5 12. e4 e5 13. Bg5 h6 14. Bxf6 Nxf6
15. Nd2 Rfe8 16. f3 Rac8 17. Bh3 Rc7 18. d5 Nh7 19. Nb3 Ba6 20. Qe2 Rf8 21. a4
Ng5 22. Bg2 f5 23. a5 Bc8 24. h4 Nh7 25. Bh3 fxe4 26. Bxc8 exf3 27. Be6+ Qxe6
28. dxe6 fxe2 29. Kg2 Re8 30. Rxe2 Nf6 31. axb6 axb6 32. Ra6 Rb8 33. Rd2 Ne8
34. Na1 Kf8 35. Nc2 Ke7 36. Ne3 Kxe6 37. Nd5 Rcb7 38. Rb2 b5 39. Ne3 Nc7 40.
Ra1 bxc4 41. Rxb7 Rxb7 42. Nxc4 d5 43. Ne3 d4 44. cxd4 exd4 45. Nf1 Kd5 0-1

[Event "European Youth Chess Championship G16"]
[Site "Prague, Top Hotel Prague"]
[Date "2016.08.20"]
[Round "3.33"]
[White "Ahmadova, Irada"]
[Black "Gailiunaite, Saule"]
[Result "1-0"]
[WhiteElo "1627"]
[BlackElo "1844"]
[PlyCount "119"]
[EventDate "2016.08.18"]

1. e4 c5 2. Nf3 Nc6 3. d4 cxd4 4. Nxd4 Nf6 5. Nc3 d6 6. f3 e5 7. Nb3 Be7 8. Be3
O-O 9. Qd2 a5 10. Bb5 Na7 11. Be2 Be6 12. Nd5 Bxd5 13. exd5 a4 14. Na5 Qc7 15.
O-O b6 16. Nc4 b5 17. Na3 Rfb8 18. Kh1 b4 19. Nc4 Nc8 20. b3 a3 21. Rfd1 Rb5
22. Nxe5 Rxd5 23. Nd3 Rb8 24. Rac1 Bd8 25. c4 bxc3 26. Rxc3 Qd7 27. Qc1 Ra5 28.
b4 Raa8 29. Rxa3 Rxa3 30. Qxa3 Nd5 31. Bd4 Qe6 32. Qb2 Nce7 33. Re1 Qg6 34. Bf1
h6 35. a3 Kh7 36. Qd2 Nf5 37. Nf4 Nxf4 38. Qxf4 Bg5 39. Qe4 d5 40. Qd3 Bh4 41.
Rd1 h5 42. Qxf5 Qxf5 43. Bd3 Qxd3 44. Rxd3 Re8 45. Re3 Rc8 46. g3 Rc1+ 47. Kg2
Rd1 48. Bc5 Bf6 49. Be7 Ba1 50. b5 d4 51. Re5 g6 52. b6 d3 53. Rd5 d2 54. b7
Rb1 55. Bb4 Be5 56. Rxd2 h4 57. f4 Bb8 58. Rd8 Rb2+ 59. Kh3 hxg3 60. hxg3 1-0

[Event "European Youth Chess Championship G16"]
[Site "Prague, Top Hotel Prague"]
[Date "2016.08.20"]
[Round "3.34"]
[White "Markocic, Spela"]
[Black "Lomandong, Noela-Joyce"]
[Result "0-1"]
[WhiteElo "1680"]
[BlackElo "1841"]
[PlyCount "106"]
[EventDate "2016.08.18"]

1. e4 g6 2. d4 Bg7 3. Nc3 c6 4. Nf3 d6 5. Be3 Nf6 6. Qd2 b5 7. Bd3 h5 8. Ne2 a6
9. c3 Qc7 10. a4 Bb7 11. axb5 cxb5 12. d5 Nbd7 13. Nfd4 Ng4 14. Bg5 Nge5 15. f4
Nxd3+ 16. Qxd3 Bf6 17. h4 Qc4 18. Qxc4 bxc4 19. f5 Nc5 20. Bxf6 exf6 21. fxg6
fxg6 22. Nf4 Kf7 23. O-O Nxe4 24. Rae1 Rae8 25. Nfe6 Bxd5 26. Nc7 Bb7 27. Nxe8
Rxe8 28. Nf3 Kg7 29. Nd2 Re5 30. Nxc4 Rb5 31. Ra1 d5 32. Na5 Ba8 33. Ra2 f5 34.
Rd1 Kf6 35. Rd3 Nc5 36. Re3 Ne4 37. b4 d4 38. cxd4 Rxb4 39. Nb3 Bb7 40. Ra3 Nd6
41. Nc5 Rb1+ 42. Kh2 Nc4 43. Re6+ Kf7 44. Rg3 Nd2 45. Rgxg6 Nf1+ 46. Kh3 Bc8
47. Ref6+ Ke7 48. Re6+ Bxe6 49. Rxe6+ Kf7 50. Rxa6 f4 51. Ra2 Ng3 52. Ra7+ Kg6
53. Ra6+ Kf5 0-1

[Event "European Youth Chess Championship G16"]
[Site "Prague, Top Hotel Prague"]
[Date "2016.08.20"]
[Round "3.35"]
[White "Giordano, Giulia"]
[Black "Nepomnyaschaya, Mariya"]
[Result "1-0"]
[WhiteElo "1831"]
[BlackElo "1569"]
[PlyCount "95"]
[EventDate "2016.08.18"]

1. d4 Nf6 2. Nf3 g6 3. c4 Bg7 4. Nc3 O-O 5. e4 d6 6. Be2 Na6 7. O-O e5 8. d5
Nc5 9. Nd2 a5 10. Rb1 Ne8 11. Nb3 Nxb3 12. Qxb3 f5 13. f3 b6 14. Be3 f4 15. Bf2
Nf6 16. Rfc1 g5 17. Qd1 h5 18. a3 g4 19. b4 Bh6 20. Rc2 Qe7 21. c5 bxc5 22.
bxc5 Qg7 23. Qe1 gxf3 24. Bxf3 Ng4 25. cxd6 cxd6 26. Nb5 Ne3 27. Bxe3 fxe3 28.
Bxh5 Bf4 29. Bf3 Rf6 30. Nc7 Qh6 31. g3 Bxg3 32. Qxg3+ Rg6 33. Qxg6+ Qxg6+ 34.
Rg2 Qxg2+ 35. Bxg2 Ra7 36. Ne8 Ba6 37. Nxd6 Rc7 38. Nf5 e2 39. d6 Rd7 40. Kf2
Kf7 41. Bf3 Bd3 42. Rg1 Kf6 43. Ke3 Bc4 44. Bxe2 Be6 45. Bg4 Bxf5 46. Bxf5 Rd8
47. d7 Kf7 48. Rc1 1-0

[Event "European Youth Chess Championship G16"]
[Site "Prague, Top Hotel Prague"]
[Date "2016.08.20"]
[Round "3.36"]
[White "Daliga, Anita"]
[Black "Tumova, Anna"]
[Result "1/2-1/2"]
[WhiteElo "1638"]
[BlackElo "1787"]
[PlyCount "67"]
[EventDate "2016.08.18"]

1. e4 e6 2. d4 d5 3. exd5 exd5 4. Bd3 Bd6 5. Ne2 Nf6 6. O-O O-O 7. Bf4 Bg4 8.
f3 Bh5 9. Bxd6 Qxd6 10. Nd2 Nbd7 11. c3 c5 12. dxc5 Nxc5 13. Nb3 Nxd3 14. Qxd3
Bg6 15. Qd2 Rfe8 16. Rfe1 Re5 17. Ng3 Rae8 18. Rxe5 Qxe5 19. Rd1 h5 20. Qd4 Bc2
21. Qxe5 Rxe5 22. Rd2 Bxb3 23. axb3 h4 24. Ne2 Kf8 25. Nd4 g5 26. Kf2 Ke7 27.
Re2 Nd7 28. Rxe5+ Nxe5 29. Ke3 a6 30. g3 Kf6 31. gxh4 gxh4 32. h3 Kg6 33. Ne2
Nc6 34. Nf4+ $11 1/2-1/2

[Event "European Youth Chess Championship G16"]
[Site "Prague, Top Hotel Prague"]
[Date "2016.08.20"]
[Round "3.37"]
[White "Waardenburg, Feline"]
[Black "Jibuti, Nata"]
[Result "0-1"]
[WhiteElo "1559"]
[BlackElo "1761"]
[PlyCount "86"]
[EventDate "2016.08.18"]

1. c4 Nf6 2. Nc3 e6 3. g3 d5 4. cxd5 exd5 5. d4 c6 6. Bg2 Bf5 7. Nf3 h6 8. O-O
Bd6 9. a3 O-O 10. Na4 Nbd7 11. Bd2 Ne4 12. Be3 Nb6 13. Nd2 Nxd2 14. Bxd2 Nc4
15. Bc3 Qe7 16. b4 Bg4 17. Re1 Rfe8 18. Bf1 b5 19. Nc5 Ne3 20. Qd2 Nxf1 21.
Kxf1 Qf6 22. Ra2 Rxe2 23. Qxe2 Bxe2+ 24. Raxe2 Qf3 25. Re3 Qh1+ 26. Ke2 Qxh2
27. Nb7 Bc7 28. Nc5 Rd8 29. Nb7 Rf8 30. Nc5 h5 31. Nd7 Rd8 32. Ne5 Bxe5 33.
Rxe5 Rd6 34. Bd2 Rf6 35. Be3 Qh3 36. Re7 a6 37. Ra7 Qc8 38. Kd2 Re6 39. Bf4
Rxe1 40. Kxe1 Qe6+ 41. Be3 f5 42. Rxa6 h4 43. Kf1 h3 0-1

[Event "European Youth Chess Championship G16"]
[Site "Prague, Top Hotel Prague"]
[Date "2016.08.20"]
[Round "3.38"]
[White "Kopcova, Ludmila"]
[Black "Buchta, Agnieszka"]
[Result "1-0"]
[WhiteElo "1738"]
[BlackElo "1599"]
[PlyCount "57"]
[EventDate "2016.08.18"]

1. e4 e6 2. d4 d5 3. Nc3 Bb4 4. e5 c5 5. a3 Bxc3+ 6. bxc3 Qc7 7. Qg4 f5 8. Qg3
cxd4 9. cxd4 Ne7 10. Ne2 O-O 11. c3 b6 12. Nf4 Ng6 13. Nxg6 hxg6 14. h4 Ba6 15.
h5 gxh5 16. Rxh5 Kf7 17. Rh7 Rg8 18. Bh6 Kf8 19. Kd2 Bxf1 20. Rxf1 Nc6 21. Rh1
Rc8 22. Qg6 Nxe5 23. Qf6+ Nf7 24. Bxg7+ Rxg7 25. Qxg7+ Ke8 26. Qg8+ Ke7 27.
Qxf7+ Kd6 28. Qxe6+ Kxe6 29. R1h6# 1-0